عرض عادي
عرض مارك
- صالح، علي عبد الرحيم
مدخل إسم شخص
001 - رقم الضبط
- حقل الضبط: 20164
003 - معرف رقم الضبط
- حقل الضبط: OSt
005 - تاريخ ووقت أخر عملية
- حقل الضبط: 20130130112304.0
008 - عناصر بيانات ثابتة الطول
- حقل تحكم ثابت الطول: 130130|||a|||||| | ||| d
040 ## - مصدر الفهرسة
- هيئة الفهرسة الأصلية: OSt
- وكالة الكتابة: OSt
100 ## - مدخل -- أسم شخص
- إسم شخص: صالح، علي عبد الرحيم
670 ## - بيانات المصدر موجوده
- الاستشهاد بالمصدر: Work cat.: (OSt): صالح، علي عبد الرحيم, ومضات في علم النفس المعرفي /, 2013.
